The Christian as minister : (Record no. 16224)
[ view plain ]
| 000 -LEADER | |
|---|---|
| fixed length control field | 00653nam a22001572 4500 |
| 001 - CONTROL NUMBER | |
| control field | 0000016918 |
| 005 - DATE AND TIME OF LATEST TRANSACTION | |
| control field | 20140825164657.0 |
| 008 - FIXED-LENGTH DATA ELEMENTS--GENERAL INFORMATION | |
| fixed length control field | 090701s1988 xx 000 0 eng d |
| 040 ## - CATALOGING SOURCE | |
| Original cataloging agency | PUL |
| 050 ## - LIBRARY OF CONGRESS CALL NUMBER | |
| Classification number | BX8345 |
| Item number | .C45 1988 |
| 245 04 - TITLE STATEMENT | |
| Title | The Christian as minister : |
| Remainder of title | an inquiry into ordained, consecrated, and commissioned ministries in the United Methodist Church / |
| Statement of responsibility, etc | Robert F. Kohler, editor ; editorial committee, Joaquin Garcia ... [et al.]. |
| 260 ## - PUBLICATION, DISTRIBUTION, ETC. (IMPRINT) | |
| Place of publication, distribution, etc | Nashville, Tenn. : |
| Name of publisher, distributor, etc | General Board of Higher Education and Ministry, United Methodist Church, |
| Date of publication, distribution, etc | 1988. |
| 300 ## - PHYSICAL DESCRIPTION | |
| Extent | 104 p. ; |
| Dimensions | 26 cm. |
| 650 #0 - SUBJECT ADDED ENTRY--TOPICAL TERM | |
| Topical term or geographic name as entry element | Methodist Church |
| General subdivision | Clergy. |
| 908 ## - PUT COMMAND PARAMETER (RLIN) | |
| Put command parameter | 090701 |
| Withdrawn status | Lost status | Source of classification or shelving scheme | Damaged status | Not for loan | Home library | Current library | Date acquired | Source of acquisition | Total Checkouts | Full call number | Barcode | Date last seen | Price effective from | Koha item type |
|---|---|---|---|---|---|---|---|---|---|---|---|---|---|---|
| Library of Congress Classification | Presbyterian University of East Africa - Main Library | Presbyterian University of East Africa - Main Library | 26/12/2012 | DON | BX8345 .C45 1988 | 020020004460 | 26/12/2012 | 26/12/2012 | General circulation books |
